000 00852nam a2200229Ii 4500
003 JO-AjNU
008 230605s9999||||xx |||||||||||||| ||und||
017 _a2012/12/4427
020 _a978-9957-92-030-2
040 _aJO-AjNU
_bara
_erda
_cJO-AjNU
041 _aara
050 1 4 _aJX1391.H3742 2013
100 3 _aالهاشمي، إياد علي,
_eauthor
_960196
245 0 0 _aالعلاقات الدولية في التاريخ الحديث والمعاصر
250 _aط1
264 3 1 _aعمان: دار الفكر ناشرون وموزعون، 2013
300 _a408ص
_bيحتوي على مصادر ومراجع من ص390-408ص
336 _atext
_btxt
_2rdacontent
337 _aunmediated
_bn
_2rdamedia
338 _avolume
_bnc
_2rdacarrier
650 4 _aالعلاقات الدولية - المعاهدات- المنظمات
_960197
999 _aA27131
_c30699
_d30699